000 00668nam a2200121Ia 4500
008 220615s9999||||xx |||||||||||||| ||und||
100 _aCloatre, Emilie||Cowan, Dave
245 0 _aChapter 7 ‘Indefensible and Irresponsible'
_bInterdisciplinarity, truth and #reviewer2
546 _aEnglish[eng]
650 _aLegal Theory||Socio-legal studies||Legal Theory||Political Sociology
856 _uhttps://library.oapen.org/bitstream/20.500.12657/24668/1/9781138592902_oachapter7.pdf||https://library.oapen.org/bitstream/20.500.12657/24668/1/9781138592902_oachapter7.pdf||https://library.oapen.org/bitstream/20.500.12657/24668/1/9781138592902_oachapter7.pdf
942 _cEB
999 _c9168
_d9168